| 000 | 00518nam a22001817a 4500 | ||
|---|---|---|---|
| 999 |
_c4878 _d4878 |
||
| 003 | AR-CdUCM | ||
| 008 | 190311b ||||| |||| 00| 0 spa d | ||
| 040 |
_aMUNICIPALIDAD PROVINCIAL DEL CUSCO _cBIBLIOTECA MUNICIPAL DEL CUSCO |
||
| 082 |
_a895.1018 / _bP73 |
||
| 245 | _aPoetas chinos / | ||
| 260 |
_aArgentina : _bQuetzal, _c1958. |
||
| 300 |
_a135 páginas ; _bIlustraciones _c20 cm. |
||
| 500 | _aDonación familia Nieto | ||
| 650 |
_aPoesía _9139 |
||
| 650 |
_aSiglo XX _98 |
||
| 942 |
_2ddc _cLIBROS |
||
| 945 | _aafb | ||